Ten Random Island Countries Missing on the World Map - Statistics

General Stats
  • This quiz has been taken 543 times
  • The average score is 9 of 10
Answers on the Map
Answers color-coded by a green-red scale on the quiz's map according to % correct below.
 
Answer Stats
Answer % Correct
Indonesia
100%
Japan
99%
Dominican Republic
97%
Madagascar
97%
Seychelles
97%
United Kingdom
97%
Cape Verde
96%
Haiti
96%
Kiribati
96%
Sao Tome and Principe
96%
Comoros
95%
Cuba
95%
Papua New Guinea
95%
Sri Lanka
95%
Jamaica
94%
New Zealand
94%
Tuvalu
94%
F.S. Micronesia
93%
Ireland
93%
Bahamas
92%
Fiji
92%
Maldives
92%
Nauru
92%
Tonga
92%
Vanuatu
92%
Philippines
91%
Solomon Islands
91%
Palau
90%
Iceland
89%
Mauritius
89%
Samoa
87%
Marshall Islands
86%
Trinidad and Tobago
68%
No matching quizzes found
Score Distribution
Percent of People with Each Score
Percentile by Number Answered
Your Score History
You have not taken this quiz